000 00384nam a2200181Ia 4500
001 18906
005 20260306171705.0
008 260306s9999||||xx |||||||||||||| ||und||
041 _aESP
082 _a658.562
_bC61
100 _aCiampa, Dan
_eAUT
245 0 _aCalidad total
260 _c1993
300 _a
_c
650 _aGEN
654 _aCAN
942 _cLIB
_dJUS
_fJUS
_2ddc
_n
999 _c18906
_d18906